00563nam a22001817a 450000500170000001000150001702000230003203500140005503700130006908200110008210000230009324500820011626000460019827000520024430000300029650000400032670000150036620170811124719.0 aENG-119753 a8184083750c995.00 aEN-103285 bDBAD/PUB a394.26 aSingh, Chitralekha aHindu manners, customs and ceremonies /cby Chitralekha Singh [and] Prem Nath aNew DelhibIndiana Publishing Housec2015 a2/13 Ansari Road, Darya GanjbNew Delhie110002 avii,190.:bill.c22cm(Hb) aIncludes bibliographical references aNath, Prem